000 00738cam a22002293a 4500
001 29048
003 PGUSA
005 20140828083629.0
008 090605s2009||||xxu|||||s|||||000 | eng d
040 _aPGUSA
_beng
042 _adc
050 4 _aHD
100 1 _aGuaranty Trust Company of New York
245 1 4 _aThe Fabric of Civilization :
_bA Short Survey of the Cotton Industry in the United States
_h[electronic resource] /
_cGuaranty Trust Company of New York
260 _bProject Gutenberg,
_c2009
506 _aPublic domain in the USA.
516 _aElectronic text
653 _aCotton manufacture -- United States
830 0 _aProject Gutenberg
_v29048
856 4 0 _uhttp://www.gutenberg.org/ebooks/29048
942 _cEB
999 _c258303
_d258303